| 000 | 00500cam a2200205 4500 | ||
|---|---|---|---|
| 008 | 090401t1974 xxu||||| |||| 00| 0 eng d | ||
| 020 | _a0851202004 | ||
| 035 | _a(Sirsi) u77003 | ||
| 041 | _aeng | ||
| 050 | _a346.4104343 | ||
| 100 | _aAldridge, Trevor M. | ||
| 245 | _aLetting business premises. | ||
| 250 | _a2nd | ||
| 260 |
_aLondon _bOyez Publishing _c1974 |
||
| 300 | _axxxi. 206p. 22cm | ||
| 350 | _a3.5 | ||
| 520 | _aPrevious ed. 1971. - Index | ||
| 942 | _n0 | ||
| 948 | _c04/03/1997 | ||
| 999 |
_c96271 _d96271 |
||